| 000 | 00969nam a2200349 a 4500 | ||
|---|---|---|---|
| 003 | AR-BaBNM | ||
| 005 | 20251128210208.0 | ||
| 008 | 082120s2002 ||||||||||||||000 | spa|| | ||
| 020 | _a84-85840-14-3 | ||
| 040 | _cAR-BaBNM | ||
| 100 | 1 | _aTeberosky, Ana | |
| 245 | 0 | 0 | _aAprendiendo a escribir |
| 250 | _a2ª ed. | ||
| 260 |
_aBarcelona _bI.C.E. Universitat Barcelona _bHorsori _c1993 |
||
| 300 | _a210 p. | ||
| 490 | 0 |
_aCuadernos de educación _vv. 8 |
|
| 500 | _aContiene referencias bibliográficas al final de cada capítulo | ||
| 650 | 4 | _aENSEÑANZA DE LA ESCRITURA | |
| 650 | 4 | _aROL DEL DOCENTE | |
| 650 | 4 | _aACTITUD DEL DOCENTE | |
| 650 | 4 | _aALUMNOS | |
| 650 | 4 | _aCONOCIMIENTO | |
| 650 | 4 | _aPROCESO DE APRENDIZAJE | |
| 650 | 4 | _aMETODOS DE ENSEÑANZA | |
| 650 | 4 | _aGRAMATICA | |
| 650 | 4 | _aPERIODISMO | |
| 653 | _aENSENANZA DE LA LENGUA | ||
| 653 | _aESTRATEGIAS EDUCATIVAS | ||
| 800 | 1 | _aColl, Cesar | |
| 942 | _cBK | ||
| 998 | _cRaquel | ||
| 999 |
_c14461 _d14461 |
||